La cuestión de Cuba en 1884 : (Record no. 154821)

MARC details
000 -LEADER
campo de control de longitud fija 00794nam a22001935i 4500
001 - NÚMERO DE CONTROL
campo de control 154821
003 - IDENTIFICADOR DE NÚMERO DE CONTROL
campo de control ES-MaACL
005 - FECHA Y HORA DE LA ÚLTIMA TRANSACCIÓN
campo de control 20230906205850.0
008 - DATOS DE LONGITUD FIJA--INFORMACIÓN GENERAL
campo de control de longitud fija 970227s1885 sp |||| | spa d
080 ## - NÚMERO DE LA CLASIFICACIÓN DECIMAL UNIVERSAL
Número de la Clasificación Decimal Universal 94(729.1)"1878/95"
100 1# - ENTRADA PRINCIPAL--NOMBRE DE PERSONA
Nombre de persona Gómez, Juan Gualberto.
9 (RLIN) 57774
245 13 - MENCIÓN DEL TÍTULO
Título La cuestión de Cuba en 1884 :
Resto del título historia y soluciones de los partidos cubanos /
Mención de responsabilidad, etc. Juan Gualberto Gómez.
260 ## - PUBLICACIÓN, DISTRIBUCIÓN, ETC.
Lugar de publicación, distribución, etc. Madrid :
Nombre del editor, distribuidor, etc. [s.n.],
Fecha de publicación, distribución, etc. 1885 (
Fabricante Imp. de Aurelio J. Alaria)
300 ## - DESCRIPCIÓN FÍSICA
Extensión 105 p. ;
Dimensiones 20 cm.
530 ## - NOTA DISPONIBLE DE FORMULARIO FÍSICO ADICIONAL
Nota de formato físico adicional disponible Disponible en formato digital.
651 #4 - PUNTO DE ACCESO ADICIONAL DE MATERIA--NOMBRE GEOGRÁFICO
Nombre geográfico Cuba-
Subdivisión general Historia-
Subdivisión cronológica 1878-1895.
9 (RLIN) 8095
852 ## - LOCALIZACIÓN
Ubicación ES-MaACL
Número de control de estantería T-809-F-1
Nota libre - Enc. hol., falto de cub. original
-- - Enc. en un vol. facticio
856 ## - LOCALIZACIÓN Y ACCESO ELECTRÓNICOS
Identificador Uniforme de Recursos <a href="http://bdh-rd.bne.es/viewer.vm?id=0000093105&page=1 ">http://bdh-rd.bne.es/viewer.vm?id=0000093105&page=1 </a>
Nota pública Biblioteca Digital Hispánica
Holdings
Estatus retirado Estado de pérdida Estado de daño No para préstamo Colección Biblioteca de origen Biblioteca actual Ubicación en estantería Fecha de adquisición Total de préstamos Signatura topográfica completa Código de barras Visto por última vez Precio de reemplazo Tipo de ítem Koha
        Colección de folletos Biblioteca del Ateneo de Madrid Biblioteca del Ateneo de Madrid Depósito folletos 17/01/2008   T-809-F-1 1161938 23/02/2023 23/02/2023 Folleto